The realities of work

Αποθηκεύτηκε σε:
Λεπτομέρειες βιβλιογραφικής εγγραφής
Κύριος συγγραφέας: Noon, Mike
Άλλοι συγγραφείς: Blyton, Paul
Μορφή: Βιβλίο
Γλώσσα:English
Δημοσίευση: Hampshire : MacMillan Press Ltd., 1997
Θέματα:
Ετικέτες: Προσθήκη ετικέτας
Δεν υπάρχουν, Καταχωρήστε ετικέτα πρώτοι!

MARC

LEADER 00000nam a2200000 i 4500
001 1/65382
008 980821s1997 eng d
020 |a 0333636414 
035 |l 10029622 
040 |a GR-MY-UA  |b gre  |e aacr 
041 0 |a eng 
082 0 |a 658.30019 
100 1 |a Noon, Mike. 
245 1 4 |a The realities of work /  |c Mike Noon, Paul Blyton 
260 |a Hampshire :   |b MacMillan Press Ltd.,   |c 1997 
300 |a viii, 235 p. 
504 |a Includes bibliography and index 
650 0 0 |a Personnel management  |x Psychological aspects. 
700 1 |a Blyton, Paul. 
852 |a INST  |b CHIOS  |e 19980821  |h 658.30019 NOO  |p 005200015872  |q 005200015872  |t BK  |y 0 
901 |a BIBL-1998-2 
909 |a Χ  |b 058853 
922 |a 2ΕΛΗ  |b 199807  |c ΤΔΕ  |d ΠΑΠΑΣΩΤΗΡΙΟΥ